Score 0/20 Timer 06:00
37 Plays Today
Hint Answer % Correct
Facebook
99.2%
Twitter
95.2%
Warner Bros.
95%
National Football League
88.4%
Motorola Inc.
86.9%
DreamWorks SKG
81.5%
General Electric
80.1%
Hilton Hotels Corp.
71.9%
LinkedIn
71.4%
United States Postal Service
69.2%
Hint Answer % Correct
General Mills
68.3%
AOL
65.3%
Allstate
63.9%
Prudential Financial
54.6%
Chase
52.4%
Discovery Channel
51.3%
Pabst Blue Ribbon
46.7%
Vimeo
44.3%
United Airlines
43.6%
Barclays
35.7%
Remove Ads.
Support Sporcle.
Get the best of Sporcle when you Go Orange. This ad-free experience offers more features, more stats, and more fun while also helping to support Sporcle. Thank you for becoming a member.

You're not logged in!

Compare scores with friends on all Sporcle quizzes.
OR
Log In

Show Comments

Extras

Top Quizzes Today


Score Distribution

Your Account Isn't Verified!

In order to create a playlist on Sporcle, you need to verify the email address you used during registration. Go to your Sporcle Settings to finish the process.

Report this User

Report this user for behavior that violates our Community Guidelines.

Details: